Library Catalogue
St. Thomas' College (Autonomous),Thrissur

Astrophysics is easy: An introduction for the amateur astronomer (Record no. 88740)

MARC details
000 -LEADER
fixed length control field 00530nam a2200205Ia 4500
003 - CONTROL NUMBER IDENTIFIER
control field STCL
008 - FIXED-LENGTH DATA ELEMENTS--GENERAL INFORMATION
fixed length control field 221019s9999 xx 000 0 und d
020 ## - INTERNATIONAL STANDARD BOOK NUMBER
International Standard Book Number 9783319116433
040 ## - CATALOGING SOURCE
Original cataloging agency STCL
Transcribing agency STCL
Language of cataloging EN
082 ## - DEWEY DECIMAL CLASSIFICATION NUMBER
Edition number 22
100 ## - MAIN ENTRY--PERSONAL NAME
Personal name Inglis, Michael
245 #0 - TITLE STATEMENT
Title Astrophysics is easy: An introduction for the amateur astronomer
250 ## - EDITION STATEMENT
Edition statement 2
260 ## - PUBLICATION, DISTRIBUTION, ETC. (IMPRINT)
Name of publisher, distributor, etc. Springer
Place of publication, distribution, etc. London
Date of publication, distribution, etc. 2015
300 ## - PHYSICAL DESCRIPTION
Extent 302 p
365 ## - TRADE PRICE
Price amount 3651.09
440 ## - SERIES STATEMENT/ADDED ENTRY--TITLE
Title Patrick moore practical astronomy series
546 ## - LANGUAGE NOTE
Language note English
942 ## - ADDED ENTRY ELEMENTS (KOHA)
Koha item type Book
Source of classification or shelving scheme
Edition
Holdings
Withdrawn status Lost status Source of classification or shelving scheme Damaged status Not for loan Home library Current library Shelving location Date acquired Total Checkouts Total Renewals Full call number Barcode Date last seen Date last checked out Price effective from Koha item type
          Santhome Athenaeum Santhome Athenaeum General Stacks   5 2 523.01 ING-A 97679 21/11/2025 05/11/2025 19/10/2022 Book
          Santhome Athenaeum Santhome Athenaeum General Stacks 26/07/2023 5 1 523.01 ING-A 98914 13/01/2026 05/12/2025 26/07/2023 Book
The Librarian
St. Thomas' College (Autonomous),
Thrissur - 680 001, Kerala, INDIA


Phone: +91 487 2420435    Ext: 1006   |    E-mail: stctlib@gmail.com    |    Web: http://stthomas.ac.in